Ngoại giao Việt Nam hiện đại – Vì sự nghiệp giành độc lập, tự do (1945-1975) 1945-1975

Đã lưu trong:
Chi tiết về thư mục
Tác giả chính: Nguyễn Phúc Luân
Định dạng: Sách
Ngôn ngữ:Vietnamese
Được phát hành: NXB Chính trị Quốc gia 2001
Những chủ đề:
Các nhãn: Thêm thẻ
Không có thẻ, Là người đầu tiên thẻ bản ghi này!
Thư viện lưu trữ: Mạng thư viện Đại học Đà Nẵng
LEADER 01306cam a22003251a 4500
001 000035902
003 12194
005 20160325000000.0
008 160321s2001 enk 000 vie
041 |a vie 
082 |a 327.09597  |b NG-L  |2 1945-1975 
100 |a Nguyễn Phúc Luân 
245 |a Ngoại giao Việt Nam hiện đại – Vì sự nghiệp giành độc lập, tự do (1945-1975)  |c Nguyễn Phúc Luân  |n 1945-1975 
260 |a NXB Chính trị Quốc gia  |c 2001 
300 |a 395tr . : mh ; 30cm 
650 |a Ngoại giao Việt Nam hiện đại – Vì sự nghiệp giành độc lập, tự do (1945-1975), Ngoại giao Việt Nam hiện đạ, Vì sự nghiệp giành độc lập, tự do 
852 |b Chuyên đề  |c Giáo trình 
OWN |a LNN 
AVA |a UDN50  |b LNN  |d 327.09597 NG-L  |e available  |t Error 5001 Not defined in file expand_doc_bib_avail.  |f 1  |g 0  |h N  |i 0  |k 1 
999 |a From the UDN01 
AVA |a UDN50  |b LNN  |d 327.09597 NG-L  |e available  |t Error 5001 Not defined in file expand_doc_bib_avail.  |f 1  |g 0  |h N  |i 0  |k 1 
TYP |a Monograph 
TYP |a Printed language 
980 |a Mạng thư viện Đại học Đà Nẵng